[Event "Tarragona Province-ch B"]
[Site "Tarragona"]
[Date "2015.09.27"]
[Round "1.3"]
[White "Segura Riba, Josep Maria"]
[Black "Rius Molina, Cosme"]
[Result "0-1"]
[WhiteElo "1786"]
[BlackElo "1923"]
[PlyCount "36"]
[EventDate "2015.09.27"]
[EventType "swiss"]
[EventRounds "9"]
[EventCountry "ESP"]
[SourceTitle "EXT 2024"]
[Source "ChessBase"]
[SourceDate "2023.10.10"]
[SourceVersion "1"]
[SourceVersionDate "2023.10.10"]
[SourceQuality "1"]

1. e4 e5 2. Nf3 Nc6 3. Bc4 d6 4. 0-0 Bg4 5. d3 Nd4 6. Nbd2 Qf6 7. c3 Nxf3+ 8. Nxf3 0-0-0 9. Qe2 h6 10. Qe3 Kb8 11. d4 exd4 12. Nxd4 Ne7 13. Nb5 b6 14. Nd4 c5 15. Nc2 Nc6 16. Bd5 Bd7 17. Qf4 Ne5 18. Rd1 Qe7 0-1